Nations, markets, and war modern history and the American Civil War (Registro nro. 90521)
[ vista simple ]
| 000 -ENCABEZADO | |
|---|---|
| Número de control [NR] | 01372nam a22002657a 4500 |
| 008 - DE LONGITUD FIJA DE DATOS DE ELEMENTOS - INFORMACIÓN GENERAL | |
| Elementos de longitud fija [NR] | 130821s2006 xxu gr eng |
| 020 ## - NUMERO INTERNACIONAL NORMALIZADO PARA LIBROS [R] | |
| Número Internacional Normalizado del libro [NR] | 0813925029 |
| 040 ## - FUENTE DE CATALOGACION [NR] | |
| Agencia de catalogación original [NR] | Co-BoUCM |
| Idioma de catalogación [NR] | spa |
| 041 00 - CODIGO DE IDIOMA [R] | |
| Código de idioma para texto/pista de sonido o título separado [R] | Inglés |
| 100 1# - ASIENTO PRINCIPAL--NOMBRE PERSONAL [NR] | |
| Nombre personal [NR] | Onuf, Nicholas Greenwood. |
| ID Autoridad | 171445 |
| 245 10 - MENCION DE TITULO [NR] | |
| Título [NR] | Nations, markets, and war modern history and the American Civil War |
| Mención de responsabilidad, etc. [NR] | Nicholas Onuf y Peter Onuf. |
| 260 ## - PUBLICACION, DISTRIBUCION, ETC. (PIE DE IMPRENTA) [R] | |
| Lugar de publicación, distribución, etc. [R] | Charlottesville (Virginia, Estados Unidos) |
| Nombre del editor, distribuidor, etc. [R] | University of Virginia Press |
| Fecha de publicación, distribución, etc. [R] | 2006 |
| 300 ## - DESCRIPCION FISICA [R] | |
| Extensión [R] | xii, 362 páginas |
| 504 ## - NOTA DE BIBLIOGRAFIA, ETC. [R] | |
| Nota de bibliografía, etc. [NR] | |
| 505 0# - NOTA DE CONTENIDO CON FORMATO PREESTABLECIDO [R] | |
| Nota de contenido con formato preestablecido [NR] | The limits of history -- Liberal society -- Civilized nations -- Moral persons -- Nation making -- Adam Smith, moral historian -- National destinies -- War and peace in the New World -- The North and the nation -- The South and the nation. |
| 650 04 - ASIENTO SECUNDARIO DE MATERIA - TERMINO TEMATICO [R] | |
| Término temático o nombre geográfico como elemento de entrada [NR] | Historia de América |
| 9 (RLIN) | 16931 |
| 651 #0 - ASIENTO SECUNDARIO DE MATERIA - NOMBRE GEOGRAFICO [R] | |
| Nombre geográfico [NR] | Estados Unidos |
| Subdivisión general [R] | Comercio |
| -- | Historia |
| Subdivisión cronológica [R] | Siglo XIX |
| 9 (RLIN) | 7595 |
| 651 #0 - ASIENTO SECUNDARIO DE MATERIA - NOMBRE GEOGRAFICO [R] | |
| Nombre geográfico [NR] | Estados Unidos |
| Subdivisión general [R] | Historia |
| Subdivisión cronológica [R] | Guerra Civil |
| -- | 1861-1865 |
| Subdivisión general [R] | Aspectos económicos |
| 9 (RLIN) | 7595 |
| 651 #0 - ASIENTO SECUNDARIO DE MATERIA - NOMBRE GEOGRAFICO [R] | |
| Nombre geográfico [NR] | Estados Unidos |
| Subdivisión general [R] | Historia |
| Subdivisión cronológica [R] | Guerra Civil |
| -- | 1861-1865 |
| Subdivisión general [R] | Causas |
| 9 (RLIN) | 7595 |
| 651 #0 - ASIENTO SECUNDARIO DE MATERIA - NOMBRE GEOGRAFICO [R] | |
| Nombre geográfico [NR] | Estados Unidos |
| Subdivisión general [R] | Política y gobierno |
| Subdivisión cronológica [R] | 1849-1877 |
| 9 (RLIN) | 7595 |
| 700 1# - ASIENTO SECUNDARIO - NOMBRE PERSONAL [R] | |
| Nombre personal [NR] | Onuf, Peter S. |
| 9 (RLIN) | 171485 |
| 856 41 - LOCALIZACION Y ACCESO ELECTRONICOS [R] | |
| Especificación de los materiales [NR] | Contenido |
| Identificador Uniforme del Recurso (“URI”) [R] | <a href="http://www.loc.gov/catdir/toc/ecip0515/2005018028.html">http://www.loc.gov/catdir/toc/ecip0515/2005018028.html</a> |
| 942 ## - ELEMENTOS DE ENTRADA AGREGADOS (KOHA) | |
| Tipo de ítem principal el descrito en 300a | Libro |
| Tema principal | Ciencia política |
| Edición | 1 |
| Parte restante de la signatura top. | O598m |
| Sistema de clasificación | DEWEY |
| Clasificación | 973.71 |
| Fecha de último préstamo | Total préstamos | Total Renewals | Signatura topográfica | Código de barras | Última vez visto | Ejemplar | Price effective from | Tipo de ítem | Perdido | Sistema de clasificación | Dañado | No prestable | Tipo de ítem específico | Suprimido | Ubicación habitual | Ubicación actual | Localización | Fecha de creación | Forma de adquisición | Costo |
|---|---|---|---|---|---|---|---|---|---|---|---|---|---|---|---|---|---|---|---|---|
| 09/02/2013 | 2 | 2 | 973.71 O598m | 100084827 | 10/12/2025 | Ej.1 | 03/02/2013 | Libro | DEWEY | Libro | Claustro | Claustro | 2do piso | 28/02/2013 | Compra | 39.15 |